[Event "POL-ch 53rd"]
[Site "Brzeg Dolny"]
[Date "1996.??.??"]
[Round "12"]
[White "Krasenkow, Michal"]
[Black "Grabarczyk, Miroslaw"]
[Result "0-1"]
[WhiteElo "2610"]
[BlackElo "2505"]
[Annotator "Ftacnik,L"]
[PlyCount "80"]
[EventDate "1996.03.09"]
[EventType "tourn"]
[EventRounds "15"]
[EventCountry "POL"]
[EventCategory "9"]
[SourceTitle "CBM 053"]
[Source "ChessBase"]
[SourceDate "1996.08.01"]
[SourceVersion "1"]
[SourceVersionDate "1996.08.01"]
[SourceQuality "1"]

1. d4 d5 2. c4 dxc4 3. Nf3 Nf6 4. Nc3 a6 5. e4 b5 6. e5 Nd5 7. a4 e6 8. axb5
Nb6 9. Ng5 (9. Be3 Be7 $2 (9... Bb7 $10) 10. Nd2 axb5 11. Rxa8 Nxa8 12. Nxb5
$16 {Chernin,A-Miles,A/Biel (rapid)/1995/}) (9. Bg5 Be7 10. Bxe7 Qxe7 11. bxa6
Rxa6 12. Rxa6 Bxa6 13. Be2 O-O 14. O-O Nc6 15. Qb1 Rd8 16. Rd1 Bb7 17. Ne4 h6
$10 {Tukmakov,V-Miles,A/Biel (rapid)/1995/}) (9. Be2 Bb7 10. bxa6 (10. O-O Be7
(10... axb5 11. Rxa8 Bxa8 12. Nxb5 Be7 13. b3 cxb3 14. Qxb3 O-O 15. Ba3 Nc6 16.
Rc1 Nd5 17. g3 Qd7 18. Bxe7 Ncxe7 19. Ng5 Rb8 20. Qd3 Ng6 {0-1 Rasmussen,
P-Pedersen,D/DEN-ch qual (06)/1996/ (39)}) 11. Be3 O-O 12. bxa6 Rxa6 13. Rb1
Nc6 14. b3 Ra3 15. Bxc4 Nxc4 16. bxc4 Rxc3 17. Rxb7 Rxc4 18. Qb1 Rb4 19. Rxb4
Nxb4 20. Ng5 Bxg5 21. Qxb4 Bxe3 22. fxe3 Qg5 23. Rf3 {1/2-1/2 Cebalo, M-Sulava,
N/Milan (06) 1996 (31)}) 10... Rxa6 11. Rxa6 Nxa6 12. O-O Be7 13. Na4 (13. Be3
O-O 14. Nd2 Qd7 (14... c5 15. Nxc4 Nxc4 16. Bxc4 cxd4 17. Qxd4 Qxd4 18. Bxd4
Nb4 19. Bb6 Rc8 20. Be2 Bc5 21. Bxc5 Rxc5 22. f4 {Van Wely,L-Miles,A (03)/
London PCA-Intel GP (02)/1995/0-1 (55)}) 15. Nxc4 Nxc4 16. Bxc4 Qc6 17. Qf3
Qxc4 18. Qxb7 Rb8 19. Qf3 Rxb2 20. Ne4 Qd3 21. h3 h6 22. Qg4 h5 23. Qf3 Nb4 {
1/2-1/2 Sulava,N-Estrada Nieto,J/Candas op (07)/1996/ (28)}) (13. Bxc4 $5)
13... Qd5 14. Ne1 Qc6 $1 15. Nxb6 cxb6 16. Bf3 Qd7 17. b3 (17. Bxb7 Qxb7 18.
Qg4 Kf8 $1 {/\ h5, g6, Kg7=/+}) 17... cxb3 18. Qxb3 Bxf3 19. Nxf3 Nb4 20. Ba3
Nd5 21. Bxe7 Qxe7 22. Qa4+ Qd7 23. Qa8+ Qd8 24. Qc6+ Qd7 25. Qa8+ {1/2-1/2 van
Wely,L-Miles,A/Matanzas/1995/}) (9. Qc2 Bb7 10. Be2 Be7 11. O-O axb5 12. Rxa8
Bxa8 13. Nxb5 O-O 14. Rd1 Na6 15. Nc3 Nb4 16. Qb1 Qd7 17. Ne4 Qa4 18. Bg5 Bxg5
19. Nexg5 Qc2 20. Qxc2 Nxc2 21. Rc1 Nb4 22. Nd2 Rd8 23. Nxc4 {Kramnik,V-Miles,
A (03)/London PCA-Intel GP (01)/1995/1/2-1/2 (66)}) 9... h6 10. Nge4 (10. Qh5
$2 g6 $17 (10... hxg5 $2 11. Qxh8 Qxd4 12. Be2 Qxe5 13. O-O $44 axb5 14. Rxa8
Nxa8 15. f4 $1 gxf4 16. Bxf4 Qc5+ 17. Kh1 Nd7 18. Ne4 Qd4 19. Ng5 Nf6 20. Bf3
$1 Nb6 21. Bxc7 Qc5 22. Bxb6 Qxg5 (22... Qxb6 23. Bh5 $1 $40 Nxh5 $140 24. Rxf7
Qd6 25. Qxh5 Kd8 26. Ra7 $18) 23. Bd4 $1 {1-0 Kramnik,V-Miles,A (02)/London
PCA-Intel GP (01)/1995/ (40)} (23. h4 $2 Qh6)) 11. Qh3 $140 Qxd4 12. Nf3 Qd8
13. Bg5 Be7 14. Rd1 N8d7 15. Ne4 Bxg5 16. Nfxg5 axb5 17. Nh7 $1 Rxh7 18. Nf6+
Nxf6 19. Rxd8+ Kxd8 20. exf6 Nd5 $17) 10... Bb7 11. Qg4 axb5 12. Rxa8 Bxa8 13.
Nxb5 Qd7 14. Nbc3 Nc6 15. Be3 Nb4 16. Be2 Nc2+ 17. Kf1 (17. Kd2 Nxd4 18. Rd1
Nf3+ 19. Kc1 Nxe5 20. Rxd7 Nxg4 21. Rxc7 Nxe3 22. fxe3 Bxe4 23. Nxe4 Nd5 24.
Rxc4 f5 $17) 17... Nd5 18. Bc1 (18. Nxd5 $6 exd5 19. Qxd7+ Kxd7 $15) (18. Nd1
h5 19. Qh4 Be7 $10) 18... Nxd4 19. Bxc4 Nb6 20. Ba2 Nf5 21. h4 Be7 22. Kg1 Qd4
$1 (22... O-O 23. Nf6+ Bxf6 24. exf6 g6 25. h5 g5 26. Bb1 $13) 23. Qf4 h5 $6 (
23... Nd7 $1 24. Ng3 Qxf4 25. Bxf4 Nxh4 $17) 24. Ng5 Nd7 25. Nb5 (25. Qxf5 $5
exf5 26. Bxf7+ Kf8 27. Ne6+ Kxf7 28. Nxd4 Nxe5 29. Nxf5 Bf6) 25... Qxf4 26.
Bxf4 Bd8 27. Rh3 (27. Bb1 Bc6 28. Bxf5 Bxb5 $10) 27... Bc6 28. Na7 Bb7 (28...
Bd5 29. Bxd5 exd5 30. Nc6 $14) 29. Rd3 $1 (29. Bb1 Nd4 $15) 29... Nxh4 $6 (
29... Rf8 30. Nxf7 Bxh4 $10) 30. Nxf7 Nxg2 31. Bd2 Kxf7 32. Rxd7+ Ke8 (32...
Kg6 $2 33. Bb1+ Be4 34. Bxe4#) 33. Rxg7 $2 (33. Bxe6 $1 Nh4 (33... h4 34. Bh3
$18) 34. Rxd8+ $1 Kxd8 35. Bg5+ Ke8 36. Bxh4 Rh6 37. Bf5 $16) 33... Nh4 34. Bc3
Rh6 35. Nb5 (35. Rg8+ Kd7 36. Rg7+ Be7 37. Bb4 Nf5 38. Bd2 Rh8 39. Rg6 Nd4 $19)
35... Nf3+ 36. Kf1 (36. Kg2 Nd4+ $19) 36... h4 37. Rg8+ (37. Nxc7+ Bxc7 38.
Rxc7 Ba6+ 39. Bc4 (39. Kg2 h3+ 40. Kxf3 (40. Kh1 Rg6 $19) 40... h2 $19) 39...
h3 40. Bxa6 h2 41. Bb5+ Kd8 42. Rd7+ Kc8 $19) 37... Kd7 38. Rg7+ Ke8 39. Rg8+
Kd7 40. Rg7+ Kc6 (40... Kc6 41. Bc4 h3 42. Be2 Kb6 43. Nd6 h2 44. Nc8+ Bxc8 45.
Bxf3 Ba6+ 46. Ke1 Bb7 47. Bd4+ Kb5 48. Bxb7 c6 $19) 0-1

[Event "Czerniak Memorial 12th"]
[Site "Tel Aviv"]
[Date "1996.??.??"]
[Round "3"]
[White "Bykhovsky, Avigdor"]
[Black "Zifroni, Dov"]
[Result "0-1"]
[WhiteElo "2405"]
[BlackElo "2455"]
[Annotator "Ftacnik,L"]
[PlyCount "82"]
[EventDate "1996.04.??"]
[EventType "tourn"]
[EventRounds "11"]
[EventCountry "ISR"]
[EventCategory "9"]
[SourceTitle "CBM 053"]
[Source "ChessBase"]
[SourceDate "1996.08.01"]
[SourceVersion "1"]
[SourceVersionDate "1996.08.01"]
[SourceQuality "1"]

1. d4 d5 2. c4 dxc4 3. Nf3 Nf6 4. Nc3 c5 5. e4 cxd4 6. Qxd4 Qxd4 7. Nxd4 e5 8.
Ndb5 Kd8 9. Be3 (9. Bxc4 a6 10. Na3 b5 11. Bd5 Ra7) (9. f4 $5) 9... Be6 10.
Nxa7 (10. Bxa7 Nbd7 11. f3 (11. Rd1 Bb4 12. f3 Ke7 13. a3 Bxc3+ 14. bxc3 b6 15.
Be2 Rhc8 16. a4 Ne8 17. Kf2 Nc7 18. Rxd7+ Kxd7 19. Rd1+ Ke7 20. Bxb6 Nxb5 21.
axb5 Rab8 22. Ba5 Rxb5 {Ivanov,IV-Pajak,J/Canada zt/1986/1/2-1/2 (46)}) 11...
b6 12. O-O-O Bc5 13. a4 Kc8 14. a5 Kb7 15. axb6 Nxb6 16. Bxb6 Kxb6 17. Nd6 (17.
Kc2 Kc6 18. Be2 Ra5 19. Ra1 Rha8 20. Rxa5 Rxa5 21. Na3 Bxa3 22. bxa3 Rxa3 {
0-1 Tratar,M-Sermek,D/Ljubljana op/1993/ (35)}) 17... Ra1+ 18. Nb1 Be3+ 19. Kc2
Ra4 20. Na3 Bd4 21. Bxc4 Kc5 22. Bxe6 fxe6 23. Ndb5 Rb8 24. Nxd4 exd4 25. Rd2
Rab4 26. Rc1 {Chiburdanidze,M-Watson,W/Brussels mix (02)/1987/1-0 (70)}) (10.
O-O-O+ Nbd7 11. Bxa7 Kc8 (11... Rxa7 $17) 12. Nd5 Bxd5 13. exd5 b6 14. d6 c3
15. g4 cxb2+ 16. Kxb2 Nc5 17. Bg2 e4 18. g5 Nfd7 19. Rhe1 f5 20. gxf6 Nxf6 21.
d7+ Nfxd7 22. Rxe4 Nxe4 23. Bxe4 Rb8 24. Rxd7 Kxd7 25. Bxb8 $16 {Soffer,R-Afek,
Y/Tel Aviv-B/1992/}) 10... Nbd7 11. f3 (11. Nab5 Bb4 12. Be2 Nxe4 13. Bf3 Nxc3
(13... f5 14. Bxe4 fxe4 15. O-O-O $13) 14. bxc3 Bc5 15. Bxb7 Rb8 16. Bc6 Bxe3
17. fxe3 Nc5 18. a4 Ke7 19. O-O Rhc8 20. Bf3 Bd7 (20... Nxa4 21. Na7 $1) 21.
Bd5 Ne6 22. Na3 Rc5 23. Bxc4 Bxa4 24. Rab1 Rbc8 {1/2-1/2 Gostisa,L-Sermek,D/
Ljubljana Iskra/1992/}) 11... Bb4 (11... Rxa7 12. Bxa7 b6 13. Nb5 $1 $13) 12.
Nab5 (12. a3 Bxc3+ 13. bxc3 Kc7 14. a4 b6 15. a5 Rhb8 16. Be2 Kb7 17. Nb5 Kc6
18. Na3 Rxa5 19. Kf2 Rba8 20. Nc2 Rxa1 21. Rxa1 Rxa1 22. Nxa1 Nc5 {Van
Gisbergen,S-Cifuentes Parada,R/NLD-ch (02)/1994/0-1 (54)}) 12... Ra5 (12... Nc5
13. Be2 Na4 $36) 13. Kf2 (13. O-O-O Ke7 14. Be2 (14. Nc7 Bxc3 15. bxc3 Rxa2 16.
Nxe6 fxe6 17. Bxc4 Rxg2 $17) 14... Rc8 15. a3 $2 Bc5 16. Bxc5+ Nxc5 17. Bxc4
Bxc4 (17... Ncxe4 $15) 18. Nd6 Nb3+ 19. Kc2 Rac5 $1 20. Nxc8+ Rxc8 21. Kb1 b5
$19 {0-1 Pein,M-Polgar,Zs/New York/1986/ (36)}) 13... Ke7 14. Be2 Rc8 15. Rhd1
(15. Rad1 Ne8 16. Rd2 Bc5 17. Rhd1 Bxe3+ 18. Kxe3 Nb6 19. g3 Rc5 20. Na3 Na4
21. Nab1 b5 22. a3 Nb6 23. Na2 Nc7 24. Nbc3 Na4 25. Nxa4 Rxa4 26. Nc3 Ra8 {
1/2-1/2 Winants,L-Karolyi,T/Brussels OHRA-B/1986/ (35)}) 15... Nc5 (15... Ne8
$5 16. Nd5+ Bxd5 17. Rxd5 Rc6 $8 (17... Nef6 $2 18. Nd6 $1 $18) 18. Na7 $6 Rcc5
$3 19. Rad1 Rxd5 20. Rxd5 Rxd5 21. exd5 Nd6 $17 {Gurevich,D-Polgar,Zsu/Las
Vegas/1986/}) 16. a3 Nb3 (16... Bxc3 17. Nxc3 $14) 17. Rab1 Bc5 18. Bxc5+ Rxc5
19. a4 Nd7 20. Nd6 Ra6 21. Nf5+ (21. Nxb7 $2 Rc7 22. Nd6 Rxd6 23. Rxd6 Kxd6 24.
Nb5+ Kc6 25. Nxc7 Kxc7 $17) 21... Bxf5 22. exf5 Nb6 23. Ne4 (23. f4 exf4 (23...
Nxa4 $2 24. Nd5+ Ke8 25. fxe5) 24. Re1 Kf6 $1 (24... Kf8 25. Bf3 Nxa4 26. Rbd1
Rc8 27. Bxb7 Nxc3 28. Rd7 $16) 25. Ne4+ Kxf5 26. Nxc5 Nxc5 $15) 23... Rc6 24.
f4 exf4 25. Bf3 Nxa4 26. Re1 Kf8 27. Nc3 (27. Ng5 $5 Nac5 28. Bxc6 Nd3+ 29. Kg1
Rxc6 30. Nxh7+ Kg8 31. Ng5 Nxe1 32. Rxe1 Kf8 33. Nh7+ $10) 27... Nac5 (27...
Rd6 $5 28. Bxb7 Nxc3 29. Bxa6 (29. bxc3 Ra2+ 30. Kg1 Rc2 $17) 29... Nxb1 30.
Bb5 f6 31. Rxb1 Rd2+ $17) 28. Bxc6 Nd3+ 29. Kg1 Rxc6 (29... Nxe1 30. Bxb7 Rb6
31. Bd5 Nc2 32. Bxc4 Nd2 33. Rc1 Nd4 34. Nd5 $10) 30. Re2 Rc5 31. f6 $6 (31.
Na4 Rxf5 (31... Rc6 32. Nc3 Nd4 $13) 32. Nb6 h5 33. Rd1 $10) 31... gxf6 32. Rf1
b5 33. g3 f3 $1 34. Re3 (34. Rxf3 Nd4 $19) 34... Nd2 35. Rxd3 (35. Rd1 f2+ 36.
Kg2 Rf5 $19) 35... cxd3 36. Rd1 (36. Rf2 b4) 36... b4 37. Na2 (37. Rxd2 bxc3
38. bxc3 Rxc3 39. Rd1 Ke7 40. Kf2 Ke6 41. Kxf3 Kd5 42. Ke3 Kc4 $19) 37... b3
38. Nc1 (38. Nc3 Rxc3 39. bxc3 b2 $19) 38... Rc2 39. Nxd3 Ne4 40. Rf1 Rg2+ 41.
Kh1 Rd2 (41... Rd2 42. Rxf3 (42. Nf4 f2 $19) 42... Rxd3 43. Rxd3 Nf2+ 44. Kg2
Nxd3 $19) 0-1

[Event "Rostock-07 IM Group"]
[Site "Rostock"]
[Date "1981.08.15"]
[Round "1"]
[White "Hesse, Peter"]
[Black "Bernard, Ryszard"]
[Result "0-1"]
[WhiteElo "2385"]
[BlackElo "2325"]
[Annotator "Ftacnik,L"]
[PlyCount "84"]
[EventDate "1981.08.15"]
[EventType "tourn"]
[EventRounds "9"]
[EventCountry "DDR"]
[EventCategory "4"]
[SourceTitle "MCL"]
[Source "ChessBase"]
[SourceDate "1999.07.01"]
[SourceVersion "1"]
[SourceVersionDate "1999.07.01"]
[SourceQuality "1"]

1. d4 d5 2. Nf3 Nf6 3. c4 dxc4 4. Nc3 a6 5. a4 Nc6 $1 6. e3 (6. e4 Bg4 7. Be3
e5 8. dxe5 Nd7 9. Bxc4 Ndxe5 10. Nxe5 Nxe5 11. Be2 Qxd1+ 12. Rxd1 Be6 $10) (6.
d5 Nb4 7. e4 e6 8. Bxc4 exd5 9. exd5 Be7 10. O-O O-O 11. h3 Bf5 $132) 6... Na5
$1 7. Ne5 Be6 8. f4 (8. e4 Nb3 9. d5 Nxa1 10. Bxc4 Bc8 11. Bf4 e6 12. Qxa1 Bb4
$17 {Karasev-Nikolajewski,UdSSR 1963}) (8. Be2 c5 9. Bf3 Qc7 $17 {
Grigorjan-Georgadze,UdSSR 1969}) 8... c5 9. Ra3 cxd4 10. exd4 g6 11. Be2 Bg7
12. O-O O-O 13. g4 Nb3 14. Be3 Rc8 15. f5 Nd5 $1 16. Bg5 Nxc3 17. bxc3 Bd5 18.
Bh4 $2 (18. Bf4) 18... Qd6 19. Ra2 Bxe5 20. dxe5 Qxe5 21. Bf3 Qe3+ 22. Kg2
Bxf3+ 23. Rxf3 Qe4 24. h3 Rfd8 25. Qe2 gxf5 26. Qf2 fxg4 27. hxg4 Rd3 28. Kg3
Rxf3+ 29. Qxf3 Qxf3+ 30. Kxf3 f6 31. g5 Kf7 32. Ke4 Rc5 33. gxf6 exf6 34. Bg3
Rh5 35. Rf2 Ke6 36. Re2 Ra5 37. Rh2 h5 38. Bc7 Rg5 39. Bf4 Rf5 40. Re2 Rd5 41.
Rh2 Nc5+ 42. Ke3 Nxa4 0-1

[Event "Rostock-10 GM Group"]
[Site "Rostock"]
[Date "1984.08.15"]
[Round "5"]
[White "Chekhov, Valery A"]
[Black "Bernard, Ryszard"]
[Result "1/2-1/2"]
[WhiteElo "2535"]
[BlackElo "2375"]
[Annotator "Ftacnik,L"]
[PlyCount "71"]
[EventDate "1984.08.11"]
[EventType "tourn"]
[EventRounds "9"]
[EventCountry "DDR"]
[EventCategory "8"]
[SourceTitle "MCL"]
[Source "ChessBase"]
[SourceDate "1999.07.01"]
[SourceVersion "1"]
[SourceVersionDate "1999.07.01"]
[SourceQuality "1"]

1. d4 d5 2. c4 dxc4 3. Nf3 Nf6 4. Nc3 a6 5. e4 b5 6. e5 Nd5 7. a4 Nxc3 8. bxc3
Qd5 9. g3 Be6 $6 (9... Bb7 10. Bg2 Qd7 11. Ba3 $1) 10. Bg2 Qb7 11. O-O (11. Nh4
$5 Bd5 12. Bxd5 Qxd5 13. O-O e6 14. Ng2) 11... Bd5 12. Ba3 $6 (12. e6 $1 Bxe6
13. Ng5 Bd5 14. Bxd5 Qxd5 15. axb5 axb5 16. Rxa8 Qxa8 17. Qg4 $1 Nc6 18. Qf3 f6
19. Ne6 $36) 12... e6 13. Bxf8 Kxf8 14. Nh4 Bxg2 15. Nxg2 Nd7 16. f4 (16. Ne3
g6 17. f4 Nb6 18. Qb1 Nd5 19. Nxd5 Qxd5 20. axb5 Rb8 $1 $17) 16... f5 17. exf6
g6 18. Qe2 Re8 19. axb5 axb5 20. Rfb1 Kf7 21. Ne3 (21. Ra5) 21... Qe4 $1 22.
Rxb5 Rb8 23. Rxb8 Rxb8 24. Re1 Rb1 25. Rxb1 Qxb1+ 26. Qf1 Qxf1+ 27. Kxf1 Nb6
28. g4 Kxf6 29. g5+ Ke7 30. Ke2 Nd5 31. Nxd5+ exd5 32. Kf3 Ke6 33. h3 Kf5 34.
Ke3 Ke6 35. Kf3 Kf5 36. Ke3 1/2-1/2

[Event "WchT 2nd"]
[Site "Luzern"]
[Date "1989.??.??"]
[Round "8.3"]
[White "Van der Sterren, Paul"]
[Black "Ye, Rongguang"]
[Result "0-1"]
[WhiteElo "2515"]
[BlackElo "2480"]
[Annotator "Ftacnik,L"]
[PlyCount "100"]
[EventDate "1989.10.27"]
[EventType "team-tourn"]
[EventRounds "9"]
[EventCountry "SUI"]
[SourceTitle "CBM 016"]
[Source "ChessBase"]
[SourceDate "1990.06.01"]
[SourceVersion "1"]
[SourceVersionDate "1990.06.01"]
[SourceQuality "1"]
[WhiteTeam "Netherlands"]
[BlackTeam "China"]
[WhiteTeamCountry "NED"]
[BlackTeamCountry "CHN"]

1. d4 d5 2. c4 dxc4 3. Nf3 Nf6 4. Nc3 c5 5. d5 e6 6. e4 exd5 7. e5 Nfd7 8. Bg5
f6 9. exf6 gxf6 10. Qxd5 Qe7+ 11. Be3 Nb6 12. Qh5+ Qf7 13. Qh4 Be6 14. O-O-O
Nc6 15. Be2 Be7 16. g4 {N} (16. Bh6 Nd7 17. Nd2 O-O-O $13 {Novikov,I-Karolyi,
jr/Lvov/1988/1/4-1/4/34/ -> CBM 07}) 16... Nd5 $1 17. Nxd5 (17. Ne4 O-O-O $22
18. Bxc5 $2 f5) 17... Bxd5 18. Rxd5 (18. g5 O-O-O $36) 18... Qxd5 19. Rd1 Qe4
20. Qh5+ Qg6 21. Qd5 Rd8 22. Qxc4 Rxd1+ 23. Bxd1 Qf7 24. Qe4 $1 (24. Qb5 $2
Qxa2 25. Qxb7 Qc4+ 26. Kb1 Nb4 $40) (24. Qa4 Qd5) 24... Qg6 (24... Qxa2 25. Ba4
Kd7 $8 26. g5 $40) 25. Qe6 Qf7 26. Qe4 Qg6 27. Qe6 Qf7 28. Qc8+ $2 Bd8 29. Qf5
Qc4+ 30. Kb1 Nb4 31. Bxc5 (31. Qh5+ Kd7 32. Qf5+ Kc6 $5) 31... Qxa2+ (31...
Qd3+ 32. Qxd3 Nxd3 $17) 32. Kc1 Qa1+ 33. Kd2 Qxb2+ 34. Ke1 Qc3+ 35. Ke2 Qc4+
36. Kd2 a6 37. Nd4 Qd5 $1 38. Bb3 Qxf5 39. Nxf5 Nc6 40. Nd6+ Kd7 41. Nxb7 Be7
42. Ba4 Rc8 43. Be3 Bb4+ 44. Ke2 Re8 45. Kd3 Kc7 46. Bc5 a5 47. Bxb4 Nxb4+ 48.
Kc3 Re5 49. f4 Nd5+ 50. Kd4 Nxf4 {Ftacnik} 0-1

[Event "Sochi-B"]
[Site "Sochi"]
[Date "1989.??.??"]
[Round "?"]
[White "Tunik, Gennady"]
[Black "Kallai, Gabor"]
[Result "1-0"]
[WhiteElo "2470"]
[BlackElo "2405"]
[Annotator "Ftacnik,L"]
[PlyCount "113"]
[EventDate "1989.10.??"]
[EventType "tourn"]
[EventRounds "11"]
[EventCountry "URS"]
[EventCategory "7"]
[SourceTitle "CBM 016"]
[Source "ChessBase"]
[SourceDate "1990.06.01"]
[SourceVersion "1"]
[SourceVersionDate "1990.06.01"]
[SourceQuality "1"]

1. d4 d5 2. Nf3 Nf6 3. c4 dxc4 4. Nc3 c5 5. d5 e6 6. e4 exd5 7. e5 Nfd7 8. Qxd5
Nb6 9. Qxd8+ Kxd8 10. Bg5+ Be7 11. O-O-O+ Ke8 12. Bxe7 (12. Nb5 Na6 13. Bxe7
Kxe7 14. Nd6 Nb4 15. a3 Nc6 16. Nxc4 Nxc4 17. Bxc4 Be6 {Torre,E-Seirawan,Y/
London/1984/1/4-1/4/76/}) 12... Kxe7 13. Nd2 Be6 14. f4 Rd8 (14... Nc6 15. Nde4
$36) 15. Be2 Nc6 16. Nde4 Nd4 17. Nxc5 Nxe2+ 18. Nxe2 Bd5 19. Ng3 Bxg2 (19...
g6 20. f5) (19... Rac8 $5 20. Nce4 $13) 20. Nf5+ Kf8 21. Rxd8+ Rxd8 22. Rg1 Bd5
23. Nd6 (23. Nxg7 $2 Rc8 $19) 23... g6 24. Rd1 Bc6 25. Rd2 $1 (25. Ncxb7 Bxb7
26. Nxb7 Rxd1+ 27. Kxd1 Nd5) 25... Rb8 26. h4 Nd5 $2 (26... Ke7 27. f5 f6 $5)
27. Rxd5 Bxd5 28. Nd7+ Ke7 29. Nxb8 Kd8 30. Kd2 Kc7 31. Ne8+ Kxb8 32. Nf6 Be6
33. Nxh7 Kc7 34. Kc3 Kc6 35. Kd4 c3 36. Kxc3 Bxa2 37. b3 Bb1 38. Ng5 f6 39.
exf6 Kd6 40. Kd4 a5 41. f7 Ke7 42. Ne6 Kxf7 43. Nd8+ Kf6 44. Nxb7 Kf5 45. Ke3
Kg4 46. Nxa5 Bc2 47. b4 Ba4 48. Nc4 Kxh4 49. Nd6 Bc6 50. b5 Ba8 51. Kd4 g5 52.
f5 g4 53. Nc4 Kg5 54. Ke5 g3 55. Ne3 g2 56. Nxg2 Bxg2 57. f6 {Ftacnik} 1-0

[Event "Ljubljana Iskra"]
[Site "Ljubljana"]
[Date "1992.??.??"]
[Round "?"]
[White "Gostisa, Leon F"]
[Black "Sermek, Drazen"]
[Result "1/2-1/2"]
[WhiteElo "2430"]
[BlackElo "2465"]
[Annotator "Ftacnik,L"]
[PlyCount "48"]
[EventDate "1992.??.??"]
[EventType "tourn"]
[EventRounds "11"]
[EventCountry "SLO"]
[EventCategory "8"]
[SourceTitle "CBM 031"]
[Source "ChessBase"]
[SourceDate "1992.12.01"]
[SourceVersion "1"]
[SourceVersionDate "1992.12.01"]
[SourceQuality "1"]

1. d4 d5 2. Nf3 c5 3. c4 dxc4 4. Nc3 cxd4 5. Qxd4 Qxd4 6. Nxd4 Nf6 7. e4 e5 8.
Ndb5 Kd8 9. Be3 Be6 10. Nxa7 (10. Bxa7 Nbd7 11. f3 b6 12. O-O-O Bc5 13. a4 Kc8
14. a5 Kb7 15. axb6 Nxb6 16. Bxb6 Kxb6 17. Nd6 Ra1+ 18. Nb1 $13 {
Chiburdanidze-Watson,W/Brussels tt/1987/}) (10. O-O-O+ Nbd7 11. Bxa7 Kc8 12.
Nd5 Bxd5 13. exd5 b6 14. d6 c3 15. g4 cxb2+ 16. Kxb2 Nc5 17. Bg2 e4 18. g5 Nfd7
19. Rhe1 f5 20. gxf6 Nxf6 21. d7+ Nfxd7 22. Rxe4 Nxe4 23. Bxe4 Rb8 24. Rxd7
Kxd7 25. Bxb8 $16 {Soffer,R-Afek,Y/Tel Aviv-B/1992/}) 10... Nbd7 11. Nab5 Bb4
12. Be2 (12. f3 Nc5 13. Be2 Na4 $36) 12... Nxe4 13. Bf3 Nxc3 (13... f5 14. Bxe4
fxe4 15. O-O-O $13) 14. bxc3 Bc5 15. Bxb7 Rb8 16. Bc6 Bxe3 17. fxe3 Nc5 18. a4
Ke7 (18... Rb6 19. Bf3 Nxa4 20. Rxa4 Rxb5 21. Ra8+ Bc8 22. O-O $40) 19. O-O
Rhc8 20. Bf3 Bd7 (20... Nxa4 21. Na7 $1) 21. Bd5 Ne6 22. Na3 Rc5 23. Bxc4 Bxa4
24. Rab1 Rbc8 {Ftacnik,L} (24... Rbc8 25. Rb7+ $10) 1/2-1/2

[Event "Horgen-B"]
[Site "Horgen"]
[Date "1995.??.??"]
[Round "4"]
[White "Cramling, Pia"]
[Black "Brunner, Lucas"]
[Result "0-1"]
[WhiteElo "2510"]
[BlackElo "2530"]
[Annotator "Ftacnik,L"]
[PlyCount "54"]
[EventDate "1995.10.??"]
[EventType "tourn"]
[EventRounds "9"]
[EventCountry "SUI"]
[EventCategory "11"]
[SourceTitle "CBM 050"]
[Source "ChessBase"]
[SourceDate "1996.02.01"]
[SourceVersion "1"]
[SourceVersionDate "1996.02.01"]
[SourceQuality "1"]

1. d4 d5 2. Nf3 Nf6 3. c4 dxc4 4. Nc3 c5 5. d5 e6 6. e4 exd5 7. e5 Nfd7 8. Bg5
Be7 9. Bxe7 Qxe7 10. Nxd5 Qd8 11. Qc2 Nb6 12. O-O-O Nxd5 13. Bxc4 O-O (13...
Be6 14. Bxd5 Qe7 15. Bxe6 Qxe6 16. Qxc5 Nd7 17. Qb5 a6 18. Qxb7 O-O 19. Qd5 Qf5
20. Qd3 Qf4+ 21. Kb1 Nxe5 22. Nxe5 $14 {Lukacs,P-Pekarek,A/Polanica Zdroj/1986/
}) (13... Nc6 14. Bxd5 Qe7 15. Bxc6+ bxc6 16. Rd6 O-O 17. Qxc5 Rb8 18. Kb1 Bf5+
19. Ka1 Rb5 20. Qxc6 Rfb8 21. Rd2 Qb4 22. Qd6 {Kohlweyer,B-Lekic,D/JUG-chT Nis/
1994/1-0 (42)}) 14. Bxd5 (14. Rxd5 Qe7 15. h4 (15. Rxc5 $6 Bf5 16. Qc3 Na6 $1 {
/\} 17. Bxa6 Rac8 $1 $40) 15... Nc6 16. Qe4 (16. Rxc5 $2 Bf5 17. Qc3 Rac8 $17)
16... Be6 17. Ng5 g6 18. Nxe6 fxe6 19. Rd6 Nd4 20. Rd1 Kh8 (20... b5 21. R1xd4
cxd4 22. Bxe6+ Kh8 23. Qxd4 Rad8 24. Bd7 g5 25. e6+ Kg8 26. Rd5 gxh4 27. Rxb5 {
Hodgson,J-Duncan,C/Dublin zt (02)/1993/1-0 (45)}) 21. Rd2 Rad8 (21... b5 $2 22.
Bxb5 $1 Nxb5 23. Rd7 Qe8 24. Qb7 $18) 22. Rxd8 Rxd8 23. g3 a5 $15 (23... b5 $5
24. Bf1 Rd5 (24... a5) 25. Qe3 Kg7 26. Bg2 Rd7 27. Be4 a5 28. h5 gxh5 29. Rd1
Kh8 30. Rh1 {Kohlweyer,B-Sermek,D/Bad Woerishofen op (09)/1993/1-0 (40)}) 24.
a4 Qd7 25. Qf4 Kg8 26. Qf6 $1 Re8 $1 27. b3 Qc6 28. Kb2 Rf8 29. Qe7 {Averkin,
O-Mirkovic,S/Beograd/1992/1-0 (36)}) 14... Qe7 15. h4 Na6 (15... Nc6 16. Bxc6
bxc6 17. Rd6 Rb8 18. Ng5 g6 19. Qxc5 Qb7 20. Qc3 Bf5 21. h5 Qb4 22. Qxb4 Rxb4
23. hxg6 Bxg6 24. Rh3 {Barsov,A-Kamber,B/Bern op (08)/1994/1-0 (44)}) 16. a3 {
Honest idea to limit the N to the rear square a6 is done with the doubleedged
means. Pushing the pawn in front of the own K is not without risk.} (16. Ng5 g6
17. Qc3 Nb4 18. a3 Nxd5 19. Rxd5 Bf5 20. g4 Bd7 21. Ne4 Bc6 22. Nf6+ Kh8 23.
Qe3 Kg7 24. h5 Bxd5 25. Nxd5 Qd7 26. hxg6 fxg6 27. Qh6+ Kg8 28. e6 Qg7 29. e7 {
Cramling,P-Blauert,J/Bern op (05)/1995/0.5 (39)}) 16... Bg4 (16... Nc7 17. Be4
g6) 17. Qe4 Bxf3 18. gxf3 (18. Qxf3 Rab8 (18... Qxe5 $2 19. Bxb7 Rab8 20. Rhe1
$18) 19. Qf5 c4 20. e6 $14) 18... Rab8 19. f4 c4 $1 {Logical pawn sacrifice,
since black wins two tempos for the advance of the bP and improvement of the
knight position.} (19... b5 20. Rhg1 $14) 20. Bxc4 Nc5 21. Qe2 (21. Qg2 b5 22.
Rhg1 g6 23. Bd5 b4 $132) 21... b5 22. Bd5 (22. Bxb5 Rfc8 23. Kb1 Qb7 24. Bc4
Na4 $17) 22... b4 23. a4 (23. axb4 Rxb4 24. Rhg1 Na4 25. b3 Nc3 26. Qg4 g6 27.
Rd2 Nxd5 28. Rxd5 Rxb3 $17) 23... Nxa4 24. Qa6 $2 {Not that the achievements
of black's counterplay were small, but white was still in control of the
situation with his magnificient Bd5. Displacement of the Q will cost him
dearly.} (24. Kb1 $5 Nc3+ 25. bxc3 bxc3+ 26. Ka1 Rb2 (26... Qc5 27. Qc4 Qa3+
28. Qa2 Qc5 29. Bb3 $16) 27. Qa6 Rfb8 28. e6 $16) 24... Qc5+ 25. Qc4 (25. Kb1
Nc3+ 26. bxc3 bxc3+ 27. Ka1 (27. Kc1 Qxf2 $19) 27... c2 $19) 25... Qa5 (25...
Qxf2 26. Rd2 Qe3 $17) 26. Bc6 Rfc8 27. Rd7 $6 (27. Rd6 Nb6 28. Qc2 b3 29. Qe4
Qa1+ 30. Qb1 Qa4 $19) (27. Kb1 Nc3+ 28. bxc3 bxc3+ 29. Kc2 Rb4 30. Qd5 Rb2+ 31.
Kd3 Qa6+ 32. Ke4 g6 $19) 27... Qc5 $1 (27... Qc5 $1 28. Qxc5 Nxc5 29. Rd6 Nb7
$19) 0-1